ბათუმის შოთა რუსთაველის სახელმწიფო უნივერსიტეტის ბიბლიოთეკა

ქართული ზმნის ფორმობრივი და ფუნქციური ანალიზის პრინციპები / (ბიბ.ჩანაწერი № 52851)

000 -ლიდერი
ფიქსირებული სიგრძის საკონტროლო ველი 01519nam a2200265Ia 4500
001 - საკონტროლო ნომერი
საკონტროლო ველი 19881
003 - საკონტროლო ნომრის იდენტიფიკატორი
საკონტროლო ველი GE_BSU
005 - ბოლო ოპერაციის თარიღი და დრო
საკონტროლო ველი 20200423230406.0
008 - ფიქსირებული სიგრძის მონაცემთა ელემენტები - ზოგადი ინფორმაცია
ფიქსირებული სიგრძის საკონტროლო ველი 181216s1980||||ge |||||||||||||| ||geo||
040 ## - კატალოგიზაციის წყარო
Transcribing agency GE_BSU
041 ## - ენის კოდი
Language code of text/sound track or separate title geo
080 ## - უნივერსალური ათობითი კლასიფიკაციის ინდექსი
Universal Decimal Classification number 811.353.1'367.625 ჯ-71
100 ## - მთავარი ჩანაწერი - პიროვნების სახელი
Personal name ჯორბენაძე, ბესარიონ
9 (RLIN) 1214
245 ## - ცნობა სათაურის შესახებ
Title ქართული ზმნის ფორმობრივი და ფუნქციური ანალიზის პრინციპები /
Statement of responsibility, etc ბესარიონ ჯორბენაძე ; რედ. : შ. ძიძიგური, დ. გეწაძე.
264 ## - წარმოების, გამოცემის, დისტრიბუციის და სხვა ცნობები
გამოცემის, წარმოების, დისტრიბუციის... ადგილი თბილისი :
გამოცემის, წარმოების, დისტრიბუციის... სახელწოდება თბილ. უნ-ტის გამ-ბა,
გამოცემის, წარმოების, დისტრიბუციის... თარიღი 1980.
300 ## - ფიზიკური აღწერა
Extent 408 გვ. ;
Dimensions 22 სმ.
504 ## - BIBLIOGRAPHY, ETC. NOTE
Bibliography, etc ლიტ. სია : გვ.394 - 407(317 დასახ.)
653 ## - INDEX TERM--UNCONTROLLED
Uncontrolled term ზმნა ქართულ ენაში
653 ## - INDEX TERM--UNCONTROLLED
Uncontrolled term ქართული ენა
653 ## - INDEX TERM--UNCONTROLLED
Uncontrolled term ქართული ზმნის ფორმობრივი და ფუნქციური ანალიზის პრინციპები
700 ## - ADDED ENTRY--PERSONAL NAME
Personal name ძიძიგური, შ.
Relator term რედაქტორი
9 (RLIN) 2258
700 ## - ADDED ENTRY--PERSONAL NAME
Personal name გეწაძე, დ.
Relator term რედაქტორი
9 (RLIN) 7942
710 ## - ADDED ENTRY--CORPORATE NAME
Corporate name or jurisdiction name as entry element თბილისის სახელმწიფო უნივერსიტეტი
Subordinate unit ახალი ქართული ენის კათედრა
9 (RLIN) 7972
942 ## - ADDED ENTRY ELEMENTS (KOHA)
Koha item type წიგნი
Source of classification or shelving scheme
ეგზემპლარები
ჩამოწერის სტატუსი დაკარგული ეგზემპლარის სტატუსი კლასიფიკაციის წყარო ან თაროზე გაწყობის სქემა დაზიანების სტატუსი არ გაიცემა მუდმივი მდებარეობა (დაცვის ადგილი) ამჟამინდელი ადგილსამყოფელი თაროზე განთავსების ადგილი შეძენის თარიღი ღირებულება, შესყიდვის ნორმალური ფასი სრული შენახვის შიფრი შტრიხკოდი ბოლო ოპერაციის თარიღი ეგზემპლარის მიმდევრობითი ნომერი (კეტერი?) ფასის ძალაში შესვლის თარიღი ეგზემპლარის სახეობა საჯარო შენიშვნა
          ბათუმის შოთა რუსთაველის სახელმწიფო უნივერსიტეტის მთავარი ბიბლიოთეკა ბათუმის შოთა რუსთაველის სახელმწიფო უნივერსიტეტის მთავარი ბიბლიოთეკა წიგნსაცავი 2018-12-17 4.20 811.353.1'367.625 ჯ-71 52238 2018-12-17 52238 2018-12-17 წიგნი 4.20 ლ.
          ბათუმის შოთა რუსთაველის სახელმწიფო უნივერსიტეტის მთავარი ბიბლიოთეკა ბათუმის შოთა რუსთაველის სახელმწიფო უნივერსიტეტის მთავარი ბიბლიოთეკა წიგნსაცავი 2018-12-17 4.20 811.353.1'367.625 ჯ-71 52239 2018-12-17 52239 2018-12-17 წიგნი 4.20 ლ.
          ბათუმის შოთა რუსთაველის სახელმწიფო უნივერსიტეტის მთავარი ბიბლიოთეკა ბათუმის შოთა რუსთაველის სახელმწიფო უნივერსიტეტის მთავარი ბიბლიოთეკა წიგნსაცავი 2018-12-17 4.20 811.353.1'367.625 ჯ-71 52240 2018-12-17 52240 2018-12-17 წიგნი 4.20 ლ.